| 000 | 00882nas a2200289 4500 | ||
|---|---|---|---|
| 001 | BR0903940 | ||
| 003 | BR-BrBNA | ||
| 005 | 20231205113458.0 | ||
| 007 | ta | ||
| 008 | 230509b bl.|||p| |||| 00| 00por d | ||
| 040 |
_aBR-BrBNA _bpor _cBiblioteca Nacional de Agricultura |
||
| 041 | _a(Pt) | ||
| 072 | _aH50 | ||
| 100 | 1 | _aWolff, G. | |
| 100 | 1 | _aAssis, L.R. | |
| 100 | 1 | _aPereira, G.C. | |
| 100 | 1 | _aCarvalho, J.G. | |
| 100 | 1 | _aCastro, E.M. | |
| 245 | 1 | _aEfeitos da toxicidade do zinco em folhas de Salvínia auriculata cultivadas em solução nutritiva | |
| 650 | _aPLANTA AQUÁTICA | ||
| 650 | _aZINCO | ||
| 650 | _aFITOTOXICIDADE | ||
| 773 | 0 |
_tPlanta Daninha (Brazil) _xISSN 0100-8358 _g(2009), v. 27(1) p. 133-137 _wBR0903940 |
|
| 856 | 4 | 0 | _uhttp://www.aprh.pt/rgci/pdf/rgci-155_Borges.pdf |
| 909 |
_a202311 _bLúcia _c55 _dLúcia Elande |
||
| 942 |
_2AGRIS _n0 _cANA |
||
| 999 |
_c203991 _d203991 |
||